Financial invasion of the U. S. A. : A threat to American society ?

שמור ב:
מידע ביבליוגרפי
מחבר ראשי: Fry, Earl H.
פורמט: ספר
שפה:Undetermined
יצא לאור: New York McGraw- Hill Book Company 1980
נושאים:
תגים: הוספת תג
אין תגיות, היה/י הראשונ/ה לתייג את הרשומה!
Thư viện lưu trữ: Trung tâm Học liệu Trường Đại học Cần Thơ
LEADER 00570nam a2200205Ia 4500
001 CTU_82375
008 210402s9999 xx 000 0 und d
082 |a 332.673 
082 |b F946 
100 |a Fry, Earl H. 
245 0 |a Financial invasion of the U. S. A. : 
245 2 |b A threat to American society ? 
245 0 |c Earl H. Fry 
260 |a New York 
260 |b McGraw- Hill Book Company 
260 |c 1980 
650 |a Investments foreign 
650 |z United states 
904 |i Trọng Hải 
980 |a Trung tâm Học liệu Trường Đại học Cần Thơ